Biggest cities by population starting with B - Statistics

General Stats
  • This quiz has been taken 65 times
  • The average score is 21 of 31
Answer Stats
Population Country Answer % Correct
~5,104,500 Thailand Bangkok
100%
~13,076,300 Argentina Buenos Aires
100%
~7,216,000 Iraq Baghdad
98%
~3,426,400 Germany Berlin
98%
~7,674,400 Colombia Bogota
98%
~11,716,600 China Beijing
97%
~1,019,000 Belgium Brussels
97%
~2,207,700 Brazil Brasilia
95%
~1,877,200 Romania Bucharest
95%
~1,741,000 Hungary Budapest
95%
~1,621,500 Spain Barcelona
93%
~1,916,100 Lebanon Beirut
93%
~2,189,900 Australia Brisbane
93%
~1,116,500 Azerbaijan Baku
90%
~5,104,000 India Bengaluru
90%
~1,273,700 Serbia Belgrade
88%
~3,678,600 South Korea Busan
88%
~2,373,200 Brazil Belo Horizonte
79%
~1,297,300 Mali Bamako
76%
~1,284,600 Congo Brazzaville
74%
~1,699,700 Indonesia Bandung
57%
~1,380,400 Colombia Barranquilla
55%
~1,412,700 Turkey Bursa
47%
~1,407,700 Brazil Belem
45%
~1,125,100 Nigeria Benin City
31%
~1,599,900 India Bhopal
31%
~2,600,000 Iraq Basrah
17%
~1,520,100 Indonesia Bekasi
9%
~1,301,800 China Baotou
7%
~1,164,400 Indonesia Batam
7%
~1,760,000 China Bayan Nur
2%
No matching quizzes found
Score Distribution
Percent of People with Each Score
Percentile by Number Answered
Your Score History
You have not taken this quiz